Πανεπιστήμιο Αιγαίου

Αποθηκεύτηκε σε:
Λεπτομέρειες βιβλιογραφικής εγγραφής
Συγγραφή απο Οργανισμό/Αρχή: Πανεπιστήμιο Αιγαίου
Μορφή: Ηλεκτρονική πηγή
Γλώσσα:Greek
Δημοσίευση: Μυτιλήνη : Πανεπιστήμιο Αιγαίου, 2001
Θέματα:
Ετικέτες: Προσθήκη ετικέτας
Δεν υπάρχουν, Καταχωρήστε ετικέτα πρώτοι!

MARC

LEADER 00000cmm a2200000 i 4500
001 1/30808
008 030120s2001 gr gre d
035 |l 10069046 
040 |a GR-MY-UA  |b gre  |e aacr 
041 0 |a gre 
082 0 |a 378.4958  |2 (21η εκδ.) 
245 1 0 |a Πανεπιστήμιο Αιγαίου  |h [Αρχείο Η/Υ] /  |c Παραγωγή: Πανεπιστήμιο Αιγαίου ; Μουσική επένδυση: Βαγγέλης Παπαθανασίου "Οι δρόμοι της φωτιάς" 
260 |a Μυτιλήνη :   |b Πανεπιστήμιο Αιγαίου,   |c 2001 
300 |a 1 οπτική δισκέτα λέιζερ Η/Υ  |b με ήχ., έγχρ.  |e 4 3/4 ίν. 
538 |a Η παρακολούθηση της παρουσίασης γίνεται σε Η/Υ με λειτουργικό σύστημα Ms Windows 95, 98 ή NT σε ανάλυση 800x600. Η παρουσίαση μπορεί να πραγματοποιηθεί με το λογισμικό παρουσιάσεων Microsoft Power Point 2000 ή αν δεν υπάρχει το συγκεκριμένο πρόγραμμα με το αρχείο Ppview32 (συμπεριλαμβάνεται στο CD-ROM). Η ύπαρξη κάρτας ήχου και ηχείων είναι επιθυμητή 
610 2 0 |a Πανεπιστήμιο Αιγαίου. 
710 2 |a Πανεπιστήμιο Αιγαίου. 
852 |a INST  |b SYROS  |c AV  |e 20030120  |h 378.4958 ΠΑΝ  |p 005500002326  |q 005500002326  |t CDROM  |y 23 
901 |a BIBL3-2000-2 
909 |a Ε  |b 089167 
970 |a ΜΑΝΩΛΑΡΑΚΗ  |b ΜΑΡΙΑ  |z 2003/01/20